Central Library OPAC University of Rajshahi

Study of formation of a new radical from two or more known Radicals / (Record no. 80450)

MARC details
000 -LEADER
fixed length control field 00805nam a22002297a 4500
001 - CONTROL NUMBER
RUCL Control Number 80450
003 - CONTROL NUMBER IDENTIFIER
rucl marc code BD-RjUL
005 - DATE AND TIME OF LATEST TRANSACTION
control field 20230411115928.0
008 - FIXED-LENGTH DATA ELEMENTS--GENERAL INFORMATION
fixed length control field 220927s1993 bg a|||| m||| 00| 0 eng d
035 ## - SYSTEM CONTROL NUMBER
system control number (BD-RjUL)80450
040 ## - CATALOGING SOURCE
Original cataloging agency BD-RjUL
Language of cataloging eng
Transcribing agency BD-RjUL
Modifying agency BD-RjUL
041 ## - LANGUAGE CODE
Language code of Book eng
082 ## - DEWEY DECIMAL CLASSIFICATION NUMBER
DDC Edition number 23
Classification number 541.2242
Author mark and Year HOS 1993
100 ## - MAIN ENTRY--PERSONAL NAME
Personal name Hossain, Md. Bellal
9 (RLIN) 5042
245 10 - TITLE STATEMENT
Title Study of formation of a new radical from two or more known Radicals /
Statement of responsibility, etc By Md. Bellal Hossain :
260 ## - PUBLICATION, DISTRIBUTION, ETC. (IMPRINT)
Place of publication, distribution, etc Rajshahi :
Name of publisher, distributor, etc Department of Mathematics, University of Rajshahi,
Date of publication, distribution, etc 1993
300 ## - PHYSICAL DESCRIPTION
Pagination (ii), 91 leaves :
Other physical details ill, ;
Dimensions 29.cm.
502 ## - DISSERTATION NOTE
Dissertation note Thesis (M. Phil.) -- Department of Mathematics, University of Rajshahi, 1993
504 ## - BIBLIOGRAPHY, ETC. NOTE
Bibliography, etc References : Leaves 89 - 91
650 ## - SUBJECT ADDED ENTRY--TOPICAL TERM
Topical term or geographic name as entry element Radicals (Chemistry)
9 (RLIN) 5043
942 ## - ADDED ENTRY ELEMENTS (KOHA)
Source of classification or shelving scheme Dewey Decimal Classification
Koha item type Theses
Holdings
Source of classification or shelving scheme Damaged status Not for loan Collection code Permanent Location Current Location Shelving location Date of accession Source of acquisition Full call number Barcode Date last seen Copy number Thesis
Dewey Decimal Classification   Not For Loan Theses Central Library, University of Rajshahi Central Library, University of Rajshahi Documentation Section 05/03/1994 Controller of Exam. R.U. THE 541.2242 HOS 1993 D1724 27/09/2022 C-1 Theses